| 000 | 01063nam a2200217Ia 4500 | ||
|---|---|---|---|
| 003 | Ost | ||
| 005 | 20260507074854.0 | ||
| 008 | 260507s9999||||xx |||||||||||||| ||und|| | ||
| 020 | _a9775433703 | ||
| 040 | _cfsecg | ||
| 041 | _aara | ||
| 082 | _a310 | ||
| 100 |
_aالسواح، نادر شعبان _eمؤلف |
||
| 245 | 0 |
_aالإسهام في مبادئ الإحصاء باستخدامSPSS / _c نادر شعبان السواح |
|
| 260 |
_aالاسكندرية: _bالدار الجامعية, _c2006 |
||
| 300 |
_a615 صفحة؛ _bإيضاحات ؛ _c24 سم |
||
| 520 | _aيضم ماهية علم الاحصاء، جمع البيانات، عرض البيانات، نظرة عامة على البرنامج الاحصائي spss، مقاييس النزعة المركزية، مقاييس التشتت، العزوم والالتواء والتفرطح، الارتباط والانحدار الخطي البسيط، مقدمة في نظرية الاحتمالات | ||
| 653 | _aالاحتمالات | ||
| 653 | _aالاحصاء | ||
| 942 | _cكتاب | ||
| 999 |
_c41601 _d41601 |
||